The European rupture. - Cheltenham : Edward Elgar. - 1997 [Rezension]

Titel: The European rupture. - Cheltenham : Edward Elgar. - 1997 [Rezension]
Verfasser:
In: Slavic review, Band 58 (1999), Seite 199-200
alle Artikel anzeigen
Veröffentlicht: 1999
Format: Aufsatz
Sprache: Englisch
Kein Bild verfügbar
X
alg: 39504265
001A    $01999:12-11-16 
001B    $01999:04-08-21 $t21:02:56.000 
001D    $01999:12-11-16 
001U    $0utf8 
001X    $00 
002@    $0Aox 
003@    $0395042658 
007A    $0395042658 $aHEB 
007T    $0Herd32641 
010@    $aeng 
011@    $a1999 
021A    $aThe @European rupture. - Cheltenham : Edward Elgar. -  1997 [Rezension] 
028A    $aAnthony $dIan 
031A    $d58 $h199-200 $j1999 
039B    $aIn $8--Abvc--. Slavic review. - Cambridge : Cambridge University Press, 1961-. - ISSN 0037-6779 $x199900000580000801 $9047271809 
039T    $8--Aax--. The @European rupture. - Cheltenham : Edward Elgar, 1997. - vii, 256p.. - ISBN 1-85898-544-7 $9369362942 
045F    $a900.9437 $eDDC23BSB 
045F/01 $a900 
045F/03 $g437 
045T    $a3,6 $a7,41 

lok: 39504265 78

exp: 39504265 78 1 #EPN
201B/01 $018-11-16 $t13:34:15.000 
201U/01 $0utf8 
203@/01 $0791341267 
208@/01 $a12-11-16 $be 
209A/01 $a/ $f000 $x00 
220C/01 $aTitelaufnehmer: nk;gm 
244Z/01 $2Trx $#Kesk- ja Ida- Euroopa kontseptsioonid $#Vidurio Europos koncepcijos $#East-Central Europe $#Keletközépeurópa-eszmék $#Europa Środkowo-Wschodnia koncepcje $#Európa stredovýchodná koncepcie $#Evropa střední, východní část koncepce $#Mitteleuropa $#Osteuropakonzeptionen $#Europa Środkowa koncepcje $#Stredná Európa koncepcie $#Střední Europa koncepce $8--Trx--Ostmitteleuropakonzeptionen $x01 $9391364286 
244Z/01 $2Trx $#arvustused $#recenzijos $#Reviews $#recenziók $#recenzje $#recenzie $#recenze $8--Trx--Rezensionen $x02 $9391357441 
247C/01 $82080>Marburg/Lahn, Herder-Institut, Forschungsbibliothek, Bibliographieportal $9336309341
LEADER 00000caa a22000002c 4500
001 395042658
003 DE-603
005 20210804210256.0
007 tu
008 161112s1999 xx |||| | u00||u|eng c
035 |a (DE-599)HEB395042658 
040 |a DE-603  |b ger  |c DE-603  |d DE-603 
041 |a eng 
082 0 4 |8 1\u  |a 900.9437  |q DE-101  |2 23/BSB 
084 |a 3,6  |a 7,41  |2 ssgn 
085 |8 1\u  |b 900 
085 |8 1\u  |z 2  |s 437 
100 1 |a Anthony, Ian 
245 0 0 |a ˜Theœ European rupture. - Cheltenham : Edward Elgar. - 1997 [Rezension] 
264 0 |c 1999 
773 0 8 |i In  |t Slavic review  |d Cambridge : Cambridge University Press, 1961-  |x 0037-6779  |g Band 58 (1999), Seite 199-200  |w (DE-603)047271809  |w (DE-600)203404-9 
787 0 8 |i Rezension von  |t ˜Theœ European rupture  |d Cheltenham : Edward Elgar, 1997  |h vii, 256p.  |z 1858985447  |w (DE-603)369362942 
924 0 |9 2080  |a (DE-603)791341267  |b DE-2080  |c HES  |d d  |g /